00278nam a22001217a 4500003000400000008004100004020001800045082001500063100001700078245002600095260002700121300000800148OSt220615b ||||| |||| 00| 0 eng d a9789389698770 a622.38 RAM aRAJU, G.S.N. aMicrowave Engineering aNew DelhibWileyc2020 a434